01253cam a2200325 a 4500952014700000999001500147001000900162003000400171005001700175008004100192010001700233020004300250020001800293035002400311040004200335050002500377082002600402100002500428245009200453250001200545260004400557300005100601504005100652650003700703650002400740700004100764700002700805906004500832942005000877 00102ddc40708MANAGEMENTaMESbMEScMANAGEMENTd2019-02-20g845.00l0o647.940688 KOT/Mp37760r2019-02-20 00:00:00w2019-02-20yBKzGL57R1 c7978d797815635987OSt20220723130404.0090224s2010 maua b 001 0 eng  a 2009007221 a9780135045596 (casebound : alk. paper) a9788131759349 a(OCoLC)ocn268788686 aDLCcDLCdBTCTAdYDXCPdC#PdBWXdDLC00aTX911.3.M3bK68 201000a647.940688222bKOT/M aKotler, Philip9123310aMarketing for hospitality and tourism /cPhilip Kotler, John T. Bowen, James C. Makens. a5th ed. aNew Delhi :bDorling Kindersly,cc2011. axxiii, 683 p. :bill. (chiefly col.) ;c29 cm. aIncludes bibliographical references and index. 0aHospitality industryxMarketing. 0aTourismxMarketing.1 aBowen, Johnq(John T.),d1948-914991 aMakens, James C.91500 a7bcbccorignewd1eecipf20gy-gencatlg 2ddccBKh647.940688iKOT/Mk647.940688mKOT/M